| 000 | 01367nam0a22002651 4500 | ||
|---|---|---|---|
| 001 | rc\3124862 | ||
| 005 | 20250530080841.0 | ||
| 021 |
_aRU _b[75-6971] |
||
| 035 | _a(NLR Aleph) 007312906 | ||
| 090 |
_a5828755 _c5828755 |
||
| 100 | _a20120615d1975 |||y0rusy50 ca | ||
| 101 | 0 | _arus | |
| 102 | _aRU | ||
| 105 | _aa z ||||| | ||
| 200 | 1 |
_aОхотничье хозяйство в интенсивном комплексном лесном хозяйстве _eТезисы докл. к науч. конф. _eЯнв. 1975 г. _f[Ред. коллегия: Л.А. Кайрюкштис (пред.) и др.] _gСекция лесного хоз-ва Зап. отд-ния Всесоюз. акад. с.-х. наук им. В.И. Ленина. Литов. науч.-исслед. ин-т лесного хоз-ва. Ком. по охране природы при СМ ЛитССР [и др.] |
|
| 210 |
_aКаунас _cБ. и. _d1975 |
||
| 215 |
_a185 с. _cил. _d20 |
||
| 606 |
_aЛесоохотничье хозяйство _jТезисы докладов _2psbo |
||
| 702 | 1 |
_aКайрюкштис _bЛ.А. _gЛеонардас А. _4340 _4080 |
|
| 712 | 0 | 2 | _aЛитовский науч.-исслед. ин-т лесного хоз-ва (Вильнюс) |
| 801 | 0 |
_aRU _bNLR _gpsbo |
|
| 801 | 1 |
_aRU _bELAR _2rusmarc |
|
| 852 |
_aNLR _j74-3/7057 |
||
| 942 | _cBOOK | ||
| 980 | _aNB | ||